00329nam a2200145Ia 4500003000500000008004100005020001800046040001900064082000700083100001900090245002000109260003400129300000800163546001200171STCL181203s9999 xx 000 0 und d a9780571206926 aSTCLbENcSTCL 222 aKundera, Milan 0aLaughable Loves bFaber and FaberaLondonc1999 a287 aEnglish